LEADER 03155nam 2200649 a 450 001 9910458610803321 005 20200520144314.0 010 $a1-118-38107-6 010 $a1-281-20426-9 010 $a9786611204266 010 $a0-470-28802-7 035 $a(CKB)1000000000399840 035 $a(EBL)331661 035 $a(OCoLC)646742289 035 $a(SSID)ssj0000239978 035 $a(PQKBManifestationID)11186222 035 $a(PQKBTitleCode)TC0000239978 035 $a(PQKBWorkID)10252181 035 $a(PQKB)10469068 035 $a(MiAaPQ)EBC331661 035 $a(Au-PeEL)EBL331661 035 $a(CaPaEBR)ebr10225431 035 $a(CaONFJC)MIL120426 035 $a(EXLCZ)991000000000399840 100 $a20071102d2008 uy 0 101 0 $aeng 135 $aurcn||||||||| 181 $ctxt 182 $cc 183 $acr 200 10$aRules to break and laws to follow$b[electronic resource] $ehow your business can beat the crisis of short-termism /$fDon Peppers, Martha Rogers 210 $aHoboken, N.J. $cJohn Wiley & Sons$dc2008 215 $a1 online resource (317 p.) 225 1 $aMicrosoft executive leadership series 300 $aSeries statement from jacket. 311 $a1-119-09080-6 311 $a0-470-22754-0 320 $aIncludes bibliographical references (p. 257-283) and index. 327 $aRules to Break and Laws to Follow; Contents; Chapter 1: False Assumptions; Chapter 2: "Value" Is the New "Profit"; Chapter 3: Customers Are a Scarce Resource; Chapter 4: In the Long Term, the Good Guys Really Do Win; Chapter 5: Increasing the Value of Your Business; Chapter 6: Culture Rules; Chapter 7: Capitalism Redux: Greed Is Good, But Trust Is Even Better; Chapter 8: Customers and Honeybees; Chapter 9: Oops! Mistakes Happen: Recovering Lost Trust; Chapter 10: Innovate or Die; Chapter 11: Order and Chaos; Chapter 12: The Wisdom of Dissent; Chapter 13: Engaged and Enabled 327 $aChapter 14: Leaders Needed. Inquire Within Notes; References; Index 330 $aPraise for Rules to Break & Laws to Follow: How Your Business Can Beat the Crisis of Short-Termism ""A fascinating, highly readable synthesis of business principles, technology, sociology and common sense, Rules to Break and Laws to Follow persuasively shows the connection between customer trust and business profits, and then explains how to make it happen. As a bonus, you'll learn how to make your company more innovative, how to ensure your employees actually enjoy what they're doing, and how to deal with the kinds of service and quality breakdowns that occasionally 410 0$aMicrosoft executive leadership series. 606 $aSuccess in business 606 $aCustomer relations 608 $aElectronic books. 615 0$aSuccess in business. 615 0$aCustomer relations. 676 $a658.4/09 700 $aPeppers$b Don$0145700 701 $aRogers$b Martha$f1952-$0145701 801 0$bMiAaPQ 801 1$bMiAaPQ 801 2$bMiAaPQ 906 $aBOOK 912 $a9910458610803321 996 $aRules to break and laws to follow$91938513 997 $aUNINA LEADER 03230nam 2200481 450 001 9910816277803321 005 20230807221027.0 010 $a1-63091-214-X 035 $a(CKB)3710000000442437 035 $a(EBL)3440472 035 $a(SSID)ssj0001520914 035 $a(PQKBManifestationID)12647318 035 $a(PQKBTitleCode)TC0001520914 035 $a(PQKBWorkID)11531461 035 $a(PQKB)10727309 035 $a(MiAaPQ)EBC3440472 035 $a(EXLCZ)993710000000442437 100 $a20150715h20152015 uy 0 101 0 $aeng 135 $aur|n|---||||| 181 $ctxt 182 $cc 183 $acr 200 00$aBiologic knee reconstruction $ea surgeon's guide /$fedited by Brian J. Cole, Joshua D. Harris 210 1$aThorofare, New Jersey :$cSlack Incorporated,$d2015. 210 4$dİ2015 215 $a1 online resource (270 p.) 300 $aDescription based upon print version of record. 311 $a1-61711-816-8 320 $aIncludes bibliographical references at the end of each chapters. 330 $a"Biologic Knee Reconstruction: A Surgeon's Guide is a how-to, step-by-step guide that addresses the evaluation, management, and treatment of articular cartilage pathology in the knees of young and active patients. Internationally renowned cartilage experts Dr. Brian J. Cole and Dr. Joshua D. Harris, along with their contributors, present information on normal and abnormal history and physical examination. The reader will learn proper decision-making using a patient-centered approach of treatment, increasing the likelihood of a successful outcome. In addition to radiographic assessment of articular cartilage, Biologic Knee Reconstruction discusses the use of biomarkers, defect classification, and patient-reported and surgeon-measured outcomes. Aggressive nonsurgical medical management, including medications, injections, physiotherapy, and rehabilitation, is also presented. Biologic Knee Reconstruction also discusses the management of concomitant pathologies such as malalignment, meniscal deficiency, and ligamentous instability. Selection of surgical cartilage restorative treatment options is multifactorial, requiring consideration of several patient-, knee-, and defect-specific issues. All contemporary open and arthroscopic cartilage techniques are presented in detail with high resolution figures. A unique feature of Biologic Knee Reconstruction is the presentation of several chapters discussing non-medical issues highly pertinent to the advancement and future of this field: funding of research and cost of new advanced technologies, regulation of advanced cellular, tissue, and genetic technologies, evidence-based medicine and clinical trial design and conduct, and the ethics of allograft tissues and stem cell use"--Provided by publisher. 606 $aArticular cartilage$xWounds and injuries 615 0$aArticular cartilage$xWounds and injuries. 676 $a617.5/84059 702 $aCole$b Brian J. 702 $aHarris$b Joshua D.$f1980- 801 0$bMiAaPQ 801 1$bMiAaPQ 801 2$bMiAaPQ 906 $aBOOK 912 $a9910816277803321 996 $aBiologic knee reconstruction$94083391 997 $aUNINA